[Event "Ulm/Neu Ulm-ch"]
[Site "Ulm/Neu Ulm"]
[Date "2017.11.03"]
[Round "4"]
[White "Schmidt, Waldemar1111"]
[Black "Haendel, Eckhard"]
[Result "1-0"]
[WhiteElo "1798"]
[BlackElo "1520"]
[PlyCount "73"]
[EventDate "2017.09.22"]
[EventType "swiss"]
[EventRounds "7"]
[EventCountry "GER"]
[SourceTitle "EXT 2019"]
[Source "ChessBase"]
[SourceDate "2018.10.10"]
[SourceVersion "1"]
[SourceVersionDate "2018.10.10"]
[SourceQuality "1"]

1. c4 Nf6 2. g3 e5 3. Bg2 Nc6 4. Nc3 Bc5 5. d3 0-0 6. Nf3 Re8 7. 0-0 a6 8. Bg5 Be7 9. d4 exd4 10. Nxd4 h6 11. Bf4 Nh5 12. Nd5 Nxf4 13. Nxf4 Nxd4 14. Qxd4 Bf6 15. Qd2 Bg5 16. e3 Bxf4 17. gxf4 d6 18. Rad1 Rb8 19. Kh1 Bf5 20. Rg1 Qf6 21. f3 b5 22. e4 bxc4 23. exf5 Rxb2 24. Qd4 Qxd4 25. Rxd4 Ree2 26. Rxc4 c5 27. f6 Rxa2 28. f5 Red2 29. Rg4 g5 30. fxg6 fxg6 31. Rxg6+ Kf8 32. Rxh6 d5 33. f4 c4 34. Bf3 c3 35. Rh3 c2 36. Bh5 Rb2 37. Bg6 1-0